LEADER 01245nam0-22004091i-450- 001 990001026150403321 005 20110511170215.0 035 $a000102615 035 $aFED01000102615 035 $a(Aleph)000102615FED01 035 $a000102615 100 $a20110511d1947----km-y0itay50------ba 101 0 $afre 102 $aUS 200 1 $a<>calcul des résidus et ses applications à la théorie des fonctions$fpar Ernst Lindelof 210 $aNew York$cChelsea$d1947 215 $avi, 141 p.$d22 cm 225 1 $aCollection de monographies sur la théorie des fonctions 610 0 $aCalcolo delle variazioni 610 0 $aDifferenze finite 610 0 $aIntegrali di Fourier 610 0 $aTrasformazioni di Fourier e Laplace 610 0 $aFunzioni di variabile complessa 676 $a517.4 676 $a517.9 676 $a515 700 1$aLindelöf,$bErnst Leonard$056152 801 0$aIT$bUNINA$gRICA$2UNIMARC 901 $aBK 912 $a990001026150403321 952 $a16-021$b1104$fFI1 952 $aMXIII-A-82$b019748$fMAS 952 $aMXIII-A-83$b09227$fMAS 959 $aFI1 959 $aMAS 996 $aCalcul des résidus et ses applications a la théorie des fonctions$9103809 997 $aUNINA LEADER 01804nam 2200361Ia 450 001 996389594803316 005 20200824132455.0 035 $a(CKB)4940000000093993 035 $a(EEBO)2240865554 035 $a(OCoLC)ocm53981505e 035 $a(OCoLC)53981505 035 $a(EXLCZ)994940000000093993 100 $a20040106d1651 uy 0 101 0 $aeng 135 $aurbn||||a|bb| 200 14$aThe form and order of the coronation of Charles the Second, King of Scotland, England, France, and Ireland$b[electronic resource] $eAs it was acted and done at Schoone, the first day of January, 1651. /$fBy Mr. Robert Dowglas, &c 210 $aAberdeen $cImprinted by James Brown$d1651 215 $a80 p 300 $a"Sermon preached at Scoone, Jan. first 1651 at the coronation of Charles the Second ... , by Robert Dowglas": p. 5-60. 300 $aImperfect: cropped, tightly bound with some loss of text. 300 $aReproduction of the original in the National Library of Scotland. 327 $aCoronation of Charles the Second, King of Scotland, England, France, and Ireland, done at Schoon, the first day of Jan: 1651 -- Sermon preached at Schoone, January first, 1651, at the coronation of Charles the Second, King of Scotland, England, France, and Ireland, by Mr. Robert Dowglas, minister at Edinburgh -- The Kings coronation. 330 $aeebo-0097 606 $aSermons, English$zScotland$y17th century 615 0$aSermons, English 700 $aDouglas$b Robert$f1594-1674.$01005428 701 2$aDouglas$b Robert$f1594-1674.$01005428 801 0$bEAE 801 1$bEAE 906 $aBOOK 912 $a996389594803316 996 $aThe form and order of the coronation of Charles the Second, King of Scotland, England, France and Ireland$92311571 997 $aUNISA LEADER 00872nam a2200241 i 4500 001 991000290189707536 005 20020506124738.0 008 950125s1973 it ||| | ita 035 $ab10680044-39ule_inst 035 $aEXGIL142990$9ExL 040 $aBiblioteca Interfacoltà$bita 100 1 $aArnaldi, Francesco$0330519 245 10$aTacito /$cFrancesco Arnaldi 260 $aNapoli :$bG. Macchiaroli,$c1973 300 $a125 p. ;$c24 cm. 490 0 $aMemorie dell'Accademia di archeologia, lettere e belle arti di Napoli ;$v6 650 4$aTacito, Publio Cornelio 907 $a.b10680044$b23-02-17$c28-06-02 912 $a991000290189707536 945 $aLE002 Fondo Brown 461$g1$iLE002-6287N$lle002$o-$pE0.00$q-$rn$so $t0$u0$v0$w0$x0$y.i1077340x$z28-06-02 996 $aTacito$9910551 997 $aUNISALENTO 998 $ale002$b01-01-95$cm$da $e-$fita$git $h0$i1